LIBRARY & INFORMATION CENTRE, KCAET, TAVANUR

ONLINE PUBLIC ACCESS CATALOGUE (OPAC)

Kaadum Manushyanum / (Record no. 5008)

MARC details
000 -LEADER
fixed length control field 00257cam a2200109ua 4500
082 ## - DEWEY DECIMAL CLASSIFICATION NUMBER
Classification number 630
Item number CHA/KA
100 ## - MAIN ENTRY--AUTHOR NAME
Personal name Chandrasekharan, C .
245 ## - TITLE STATEMENT
Title Kaadum Manushyanum /
260 ## - PUBLICATION, DISTRIBUTION, ETC. (IMPRINT)
Place of publication Eranakulam :
Name of publisher C I C C Book House.
300 ## - PHYSICAL DESCRIPTION
Number of Pages 138 ; .
942 ## - ADDED ENTRY ELEMENTS (KOHA)
Koha item type Books
Holdings
Withdrawn status Lost status Damaged status Home library Current library Date acquired Full call number Accession Number Koha item type
Withdrawn     KAUAET Malayalam University 07/04/2012 630 10223 Books
free website counter